logo

Bir Sreshtho Munshi Abdur Rouf Library
Jhenaidah Cadet College

উত্তরবঙ্গে চায়ের ইতিহাস (১৯৯৯-২০১১) / (Record no. 12848)

MARC details
000 -LEADER
fixed length control field 01068nam a2200265 a 4500
001 - CONTROL NUMBER
JCCL Control Number 12848
003 - CONTROL NUMBER IDENTIFIER
JCCL marc code BD-JhCC
005 - DATE AND TIME OF LATEST TRANSACTION
control field 20230518103611.0
008 - FIXED-LENGTH DATA ELEMENTS--GENERAL INFORMATION
fixed length control field 230518s2011 b a|||| |||| 000 0 b d
035 ## - SYSTEM CONTROL NUMBER
system control number (BD-JhCC)12848
040 ## - CATALOGING SOURCE
Original cataloging agency BD-JhCC
Modifying agency BD-JhCC
041 ## - LANGUAGE CODE
Language code of Book Bengla
082 ## - DEWEY DECIMAL CLASSIFICATION NUMBER
Classification number 634.95492
Author mark and Year HAS 2011
100 ## - MAIN ENTRY--PERSONAL NAME
Personal name হাছিব, সৈয়দ এ.
245 ## - TITLE STATEMENT
Title উত্তরবঙ্গে চায়ের ইতিহাস (১৯৯৯-২০১১) /
Statement of responsibility, etc সৈয়দ এ. হাছিব, মোশাররফ হোসেন এবং মঞ্জুর হোসেন
260 ## - PUBLICATION, DISTRIBUTION, ETC. (IMPRINT)
Place of publication, distribution, etc ঢাকা :
Name of publisher, distributor, etc তেঁতুলিয়া টি কোং লিঃ,
Date of publication, distribution, etc ২০১১
300 ## - PHYSICAL DESCRIPTION
Pagination ৬৭ পৃ. :
Other physical details চিত্রাবলী সংযোজিত,
Dimensions ২১ সেমি.
650 ## - SUBJECT ADDED ENTRY--TOPICAL TERM
Topical term or geographic name as entry element Tea
Geographic subdivision Bangladesh
650 ## - SUBJECT ADDED ENTRY--TOPICAL TERM
Topical term or geographic name as entry element Plant physiology
650 ## - SUBJECT ADDED ENTRY--TOPICAL TERM
Topical term or geographic name as entry element Forests and forestry
650 ## - SUBJECT ADDED ENTRY--TOPICAL TERM
Topical term or geographic name as entry element Life sciences
700 ## - ADDED ENTRY--PERSONAL NAME
Personal name হোসেন, মোশাররফ
700 ## - ADDED ENTRY--PERSONAL NAME
Personal name হোসেন, মঞ্জুর
942 ## - ADDED ENTRY ELEMENTS (KOHA)
Source of classification or shelving scheme Dewey Decimal Classification
Koha item type Books
Holdings
Source of classification or shelving scheme Damaged status Not for loan Home library Current library Shelving location Date of accession Source of acquisition Cost, normal purchase price Total Checkouts Full call number Barcode Date last seen Copy number Method of acquisition Koha item type Currency
Dewey Decimal Classification     JCC Rouf Library JCC Rouf Library General Stacks 05/18/2023 Major General Md. Shafeenul Islam.ndc,psc 300.00   634.95492 HAS 2011 17589 05/18/2023 C-1 Gift/Donation Books BDT

JCC Library | Contacts | JCC Home

Last Update on 23 September 2017
Copyright @ 2017-2020 JCC Rouf Library
Rouf Library, Jhenidah Cadet College (JCC), Bangladesh